Алгоритмы и роботы

Библиографические подробности
Главный автор: Криницкий Н. А. Николай Андреевич
Язык:русский
Опубликовано: Москва, Радио и связь, 1983
Серии:Кибернетика
Предметы:
Формат: Книга
Запись в KOHA:https://koha.lib.tpu.ru/cgi-bin/koha/opac-detail.pl?biblionumber=77316

MARC

LEADER 00000n m0a2200000 4500
001 77316
005 20231031092727.0
035 |a (RuTPU)RU\TPU\book\82899 
090 |a 77316 
100 |a 20050518d1983 k y0rusy50 ca 
101 0 |a rus 
102 |a RU 
105 |a a z 001zy 
200 1 |a Алгоритмы и роботы  |f Н. А. Криницкий 
210 |a Москва  |c Радио и связь  |d 1983 
215 |a 167 с.  |c ил. 
225 1 |a Кибернетика 
320 |a Библиогр.: с. 165. 
610 1 |a кибернетика 
610 1 |a кибернетика математическая 
610 1 |a алгоритмы 
610 1 |a роботы 
610 1 |a робототехника 
610 1 |a робототехнические системы 
675 |a 681.587  |v 3 
700 1 |a Криницкий  |b Н. А.  |g Николай Андреевич 
801 1 |a RU  |b 63413507  |c 20050518  |g PSBO 
801 2 |a RU  |b 63413507  |c 20210220  |g PSBO 
942 |c BK